Colours: A-Z - Statistics

General Stats
  • This quiz has been taken 89 times
  • The average score is 13 of 26
Answer Stats
Letter Colour % Correct
B Brown
99%
R Red
89%
P Purple
87%
Y Yellow
87%
W White
84%
A Aqua
82%
I Indigo
80%
N Navy
78%
L Lilac
74%
M Magenta
64%
T Teal
64%
C Cyan
62%
J Jade
61%
S Salmon
54%
O Olive
51%
G Gold
47%
F Fuchsia
39%
U Umber
20%
E Ebony
17%
V Verdigris
8%
Q Quick silver
5%
D Desert
1%
X Xanadu
1%
Z Zaffre
1%
H Harlequin
0%
K Keppel
0%
No matching quizzes found
Score Distribution
Percent of People with Each Score
Percentile by Number Answered
Your Score History
You have not taken this quiz